书目信息 |
| 题名: |
苏轼散文选集
|
|
| 作者: | 刘乃昌 , 高洪奎 编撰 | |
| 分册: | ||
| 出版信息: | 上海 上海古籍出版社 1998.04 |
|
| 页数: | 372页 | |
| 开本: | 32开 | |
| 丛书名: | ||
| 单 册: | ||
| 中图分类: | I264.4 | |
| 科图分类: | ||
| 主题词: | 散文--中国 , 散文--作品综合集--中国 | |
| 电子资源: | ||
| ISBN: | 7-5325-2244-X | |
| 000 | 00638nam0 2200217 45 | |
| 001 | 0012200870 | |
| 005 | 20001220084305.4 | |
| 010 | @a7-5325-2244-X@d15.70元 | |
| 100 | @a20001220d1998 km y0chiy0120 ea | |
| 101 | 0 | @achi |
| 105 | @a z 000yy | |
| 200 | 1 | @a苏轼散文选集@ASu Shi San Wen Xuan Ji@f刘乃昌,高洪奎编撰@FLiu Nai Chang,Gao Hong Kui Bian Zhuan |
| 210 | @a上海@c上海古籍出版社@d1998.04 | |
| 215 | @a372页@d32开 | |
| 606 | 0 | @a散文@x中国 |
| 606 | 0 | @a散文@x作品综合集@x中国 |
| 690 | @aI264.4@v3 | |
| 701 | 0 | @a刘乃昌@4编撰 |
| 701 | 0 | @a高洪奎@4编撰 |
| 801 | @aCN@bPftUser@c20001220 | |
| 905 | @b309991-993@dI264.4@eS.330@f3 | |
| 苏轼散文选集/刘乃昌,高洪奎编撰.-上海:上海古籍出版社,1998.04 |
| 372页;32开 |
| ISBN 7-5325-2244-X:15.70元 |
| ● |
| 相关链接 |
|
|
|
正题名:苏轼散文选集
索取号:I264.4/S.330
 
预约/预借
| 序号 | 登录号 | 条形码 | 馆藏地/架位号 | 状态 | 备注 |
| 1 | 309991 | 203099912 | 文学库116/116文学库 1排3列1层/ [索取号:I264.4/S.330] | 在馆 | |
| 2 | 309992 | 203099921 | 社科二线422/422社科库 51排5列2层/ [索取号:I264.4/S.330] | 在馆 | |
| 3 | 309993 | 203099930 | 文学库116/116文学库 1排3列1层/ [索取号:I264.4/S.330] | 在馆 |